000 01073cam a22002894a 4500
001 12378946
003 OSt
005 20150408114150.0
008 010413s2002 maua b 001 0 eng
010 _a 2001035285
020 _a0201703327
040 _aDLC
_cDLC
_dDLC
042 _apcc
050 0 0 _aQA76.76.D47
_bC58 2002
082 0 0 _a005.1
_221
_bCPS
100 1 _aClements, Paul,
_d1955-
_939408
245 1 0 _aSoftware product lines :
_bpractices and patterns /
_cPaul Clements, Linda Northrop.
260 _aBoston :
_bAddison-Wesley,
_cc2002.
300 _axxx, 563 p. :
_bill. ;
_c24 cm.
440 4 _aThe SEI series in software engineering
_939471
504 _aIncludes bibliographical references.
650 0 _aComputer software
_xDevelopment.
700 1 _aNorthrop, Linda.
_939472
906 _a7
_bcbc
_corignew
_d1
_eocip
_f20
_gy-gencatlg
942 _2ddc
_cBOOK
999 _c31931
_d266431